Welcome to CU Library Online Public Access Catalogue (OPAC)

FORGIVENESS AND RECONCILIATION; (Record no. 6843)

MARC details
000 -LEADER
fixed length control field 00362nam a22001337a 4500
005 - DATE AND TIME OF LATEST TRANSACTION
control field 20250703172637.0
008 - FIXED-LENGTH DATA ELEMENTS--GENERAL INFORMATION
fixed length control field 250703b |||||||| |||| 00| 0 eng d
050 ## - LIBRARY OF CONGRESS CALL NUMBER
Classification number BS2361
Item number MOU
100 ## - MAIN ENTRY--PERSONAL NAME
Personal name MOULE C. F. D.
245 ## - TITLE STATEMENT
Title FORGIVENESS AND RECONCILIATION;
Remainder of title AND OTHER NEW TESTAMENT THEMES
260 ## - PUBLICATION, DISTRIBUTION, ETC.
Place of publication, distribution, etc. LONDON
Name of publisher, distributor, etc. SPCK
Date of publication, distribution, etc. c1998
300 ## - PHYSICAL DESCRIPTION
Extent xi, 242p
942 ## - ADDED ENTRY ELEMENTS (KOHA)
Source of classification or shelving scheme Library of Congress Classification
Koha item type Books
Suppress in OPAC No
999 ## -
-- 6843
-- 6843
Holdings
Withdrawn status Lost status Source of classification or shelving scheme Damaged status Not for loan Collection Home library Current library Shelving location Date acquired Total checkouts Full call number Barcode Date last seen Copy number Price effective from Koha item type
    Library of Congress Classification     Non-fiction Undergraduate Library (Christ Temple) Undergraduate Library (Christ Temple) General stacks 07/03/2025   BS2361 MOU ulct00003687 07/03/2025 1 06/10/2025 Books
    Library of Congress Classification     Non-fiction Undergraduate Library (Christ Temple) Undergraduate Library (Christ Temple) General stacks 07/03/2025   BS2361 MOU ulct00003688 07/03/2025 2 06/10/2025 Books
© 2023-2024 Copyright: Central University Libraries. All Rights Reserved | Created by: Mahone Tech Office